000 00437nam a22001697a 4500
003 NUST - PNEC
005 20170116180852.0
008 150826b xxu||||| |||| 00| 0 eng d
020 _a0393924580
040 _cLIBRARY
082 _a547JON
100 _95759
_aJones,Maitland Jr.
245 _aStudy Guide Organic chemistry
_cMaitland Jones Jr.
250 _a3ed ed
650 _95769
_aChemistry Organic
_xGeneral
942 _2ddc
_cBK
999 _c64663
_d64663